|
|
|
|
| LEADER |
00946nam a22002177a 4500 |
| 001 |
AAL9614 |
| 003 |
BD-DhAAL |
| 008 |
180529s 2011B ||||| |||| 00| 0 B d |
| 999 |
|
|
|c 39475
|d 39475
|
| 020 |
|
|
|a 9789847116136
|
| 040 |
|
|
|a BD-DhAAL
|d BD-DhAAL
|
| 082 |
|
|
|a 954.1
|
| 100 |
|
|
|a চৌধুরী, সিরাজুল ইসলাম
|9 26055
|
| 245 |
|
|
|a বাঙালী কাকে বলি /
|c সিরাজুল ইসলাম চৌধুরী
|
| 260 |
|
|
|a ঢাকা :
|b অন্বেষা প্রকাশন,
|c ২০১১.
|
| 300 |
|
|
|a ১২৬ পৃ. ;
|c ২২ সেমি.
|
| 541 |
|
|
|e 9614
|
| 650 |
|
|
|a বাঙালীর ইতিহাস
|9 26056
|
| 852 |
|
|
|a Savar Campus Library
|c General Shelf
|
| 942 |
|
|
|2 ddc
|c BK
|
| 952 |
|
|
|0 0
|1 0
|2 ddc
|4 0
|6 954_100000000000000_CHO
|7 0
|9 63465
|a SCL
|b SCL
|c GEN
|d 2018-05-29
|e Development Book Agency
|g 136.00
|l 2
|o 954.1 CHO
|p 3020009614
|r 2024-02-08
|s 2024-02-08
|t 1
|w 2018-05-29
|y BK
|